[Event "Pan American-ch U20"]
[Site "San Salvador"]
[Date "2015.07.20"]
[Round "8"]
[White "Colorado, Efrain"]
[Black "Ortiz Perez, Carlos"]
[Result "1/2-1/2"]
[WhiteElo "1841"]
[BlackElo "1901"]
[PlyCount "123"]
[EventDate "2015.07.16"]
[EventType "swiss"]
[EventRounds "9"]
[EventCountry "ESA"]
[SourceTitle "EXT 2016"]
[Source "ChessBase"]
[SourceDate "2015.10.08"]
[SourceVersion "1"]
[SourceVersionDate "2015.10.08"]
[SourceQuality "1"]

1. e4 c5 2. Nc3 d6 3. Bb5+ Bd7 4. Bxd7+ Nxd7 5. d3 g6 6. f4 Bg7 7. Nf3 e6 8. 0-0 Ne7 9. Qe1 0-0 10. Nh4 Nc6 11. Nf3 Re8 12. Qd1 a6 13. Ne2 Rc8 14. c3 Qe7 15. Ng3 b5 16. f5 exf5 17. exf5 Nde5 18. Bf4 b4 19. Rc1 Rb8 20. Qd2 bxc3 21. bxc3 Qb7 22. Bh6 Nxf3+ 23. Rxf3 Ne5 24. Rff1 Qb2 25. Rc2 Bxh6 26. Qxh6 Ng4 27. Qd2 Qb6 28. Qg5 Ne3 29. f6 Kh8 30. Qh6 Rg8 31. Qxe3 Rbe8 32. Qf2 d5 33. c4 Re5 34. Qf4 Rge8 35. cxd5 Rxd5 36. Qc4 Red8 37. Re1 Qxf6 38. Rf2 Qd4 39. Qxa6 R5d6 40. Qc4 Qxc4 41. dxc4 Rd4 42. Rc2 f5 43. Re5 Rd1+ 44. Nf1 Rc8 45. Rd2 Rc1 46. Kf2 Rxc4 47. Ne3 Ra4 48. Rc2 Rca8 49. Rexc5 Rxa2 50. Rc8+ Kg7 51. Kf3 Kh6 52. Rxa8 Rxa8 53. Rc6 Kg5 54. Rc7 h5 55. Rc6 Ra4 56. g3 h4 57. Rc4 Rxc4 58. Nxc4 hxg3 59. hxg3 Kf6 60. Kf4 g5+ 61. Kf3 Ke6 62. Ne3 1/2-1/2

[Event "Pan American-ch U20"]
[Site "San Salvador"]
[Date "2015.07.17"]
[Round "2"]
[White "Garcia, Daniel Alejandro"]
[Black "Ortiz Perez, Carlos"]
[Result "0-1"]
[WhiteElo "1375"]
[BlackElo "1901"]
[PlyCount "52"]
[EventDate "2015.07.16"]
[EventType "swiss"]
[EventRounds "9"]
[EventCountry "ESA"]
[SourceTitle "EXT 2016"]
[Source "ChessBase"]
[SourceDate "2015.10.08"]
[SourceVersion "1"]
[SourceVersionDate "2015.10.08"]
[SourceQuality "1"]

1. d4 Nf6 2. Nf3 e6 3. c4 b6 4. Nc3 Bb4 5. Qc2 Bb7 6. e3 Ne4 7. a3 Bxc3+ 8. bxc3 0-0 9. Be2 d6 10. 0-0 Nd7 11. Nd2 f5 12. f3 Ng5 13. Bb2 Qf6 14. e4 f4 15. c5 bxc5 16. dxc5 Nxc5 17. c4 e5 18. Nb3 Nge6 19. Nd2 Bc6 20. Nb1 Ba4 21. Qc3 Nd4 22. Bd3 Rab8 23. Nd2 Nxd3 24. Qxd3 Rxb2 25. c5 Bb5 26. Nc4 Rb3 0-1

[Event "Pan American-ch U20"]
[Site "San Salvador"]
[Date "2015.07.17"]
[Round "3"]
[White "Ortiz Perez, Carlos"]
[Black "Husbands, Orlando"]
[Result "0-1"]
[WhiteElo "1901"]
[BlackElo "2234"]
[PlyCount "74"]
[EventDate "2015.07.16"]
[EventType "swiss"]
[EventRounds "9"]
[EventCountry "ESA"]
[SourceTitle "EXT 2016"]
[Source "ChessBase"]
[SourceDate "2015.10.08"]
[SourceVersion "1"]
[SourceVersionDate "2015.10.08"]
[SourceQuality "1"]

1. e4 c5 2. Nf3 d6 3. d4 cxd4 4. Nxd4 Nf6 5. Nc3 g6 6. Nb3 Bg7 7. Be3 Nc6 8. f3 0-0 9. Qd2 Be6 10. 0-0-0 a6 11. g4 b5 12. h4 h5 13. gxh5 Nxh5 14. Rg1 Rc8 15. Nd4 Kh7 16. Kb1 Qa5 17. Nxe6 fxe6 18. Qg2 Ne5 19. Bd4 Nf4 20. Qg3 Qc7 21. a3 Rf7 22. Bh3 Rg8 23. Bg4 Nc4 24. Bxe6 Nxa3+ 25. bxa3 Bxd4 26. Bxf7 Qxc3 27. Bxg8+ Kxg8 28. Rxd4 Qxd4 29. h5 e5 30. Qg4 Qc5 31. hxg6 b4 32. Qg5 Ne6 33. Qg4 Nd4 34. Rg2 bxa3 35. c3 Qxc3 36. Qd7 Qd3+ 37. Ka2 Qc4+ 0-1

[Event "Pan American-ch U20"]
[Site "San Salvador"]
[Date "2015.07.16"]
[Round "1"]
[White "Ortiz Perez, Carlos"]
[Black "Cori Quispe, Kevin Joel"]
[Result "0-1"]
[WhiteElo "1901"]
[BlackElo "2369"]
[PlyCount "46"]
[EventDate "2015.07.16"]
[EventType "swiss"]
[EventRounds "9"]
[EventCountry "ESA"]
[SourceTitle "EXT 2016"]
[Source "ChessBase"]
[SourceDate "2015.10.08"]
[SourceVersion "1"]
[SourceVersionDate "2015.10.08"]
[SourceQuality "1"]

1. e4 c5 2. Nf3 e6 3. d4 cxd4 4. Nxd4 Nc6 5. Be3 Nf6 6. Nc3 Bb4 7. Bd3 d5 8. Nxc6 bxc6 9. Bd2 0-0 10. e5 Nd7 11. Qh5 g6 12. Qg4 c5 13. f4 c4 14. Be2 Qb6 15. h4 d4 16. Ne4 Bb7 17. Bxb4 Qxb4+ 18. Nd2 d3 19. h5 Qxb2 20. Kf2 Qd4+ 21. Kg3 dxe2 22. hxg6 fxg6 23. Qxe6+ Rf7 0-1

[Event "Central America-ch U18 4th"]
[Site "Armenia"]
[Date "2013.11.05"]
[Round "2"]
[White "Huerta Escobar, Bruce"]
[Black "Ortiz Perez, Carlos"]
[Result "1/2-1/2"]
[WhiteElo "2035"]
[BlackElo "1901"]
[PlyCount "106"]
[EventDate "2013.11.05"]
[EventType "swiss"]
[EventRounds "6"]
[EventCountry "COL"]
[SourceTitle "EXT 2016"]
[Source "ChessBase"]
[SourceDate "2015.10.08"]
[SourceVersion "1"]
[SourceVersionDate "2015.10.08"]
[SourceQuality "1"]

1. d4 Nf6 2. c4 e6 3. Nf3 b6 4. Bf4 Bb7 5. e3 Bb4+ 6. Nc3 Ne4 7. Qc2 0-0 8. Bd3 f5 9. Bxe4 Bxe4 10. Qb3 Bxc3+ 11. Qxc3 h6 12. h4 d6 13. 0-0-0 Nd7 14. Nd2 Bb7 15. f3 Qe7 16. Bg3 e5 17. d5 c6 18. dxc6 Bxc6 19. Nb1 a6 20. Qd2 Rf6 21. h5 Re6 22. Nc3 Rc8 23. Kb1 b5 24. Nd5 Qf8 25. Nb4 Bb7 26. cxb5 axb5 27. Qd3 Rc4 28. Qd2 Kh8 29. Rc1 Nb6 30. b3 Rc8 31. Qd3 Nd7 32. Qxb5 Nc5 33. Rhd1 e4 34. f4 Qf6 35. Nd5 Qf7 36. Be1 Ba6 37. Qb4 Ree8 38. Qd4 Bd3+ 39. Kb2 Qa7 40. Bb4 Qa6 41. Bxc5 dxc5 42. Rxc5 Rxc5 43. Qxc5 Ra8 44. a4 Rc8 45. Qd4 Rc2+ 46. Ka3 Qd6+ 47. b4 Kh7 48. Qe5 Qc6 49. Qxf5+ Kh8 50. Qf8+ Kh7 51. Qf5+ Kh8 52. Qf8+ Kh7 53. Qf5+ Kh8 1/2-1/2

[Event "Central America-chT U16 4th"]
[Site "Armenia"]
[Date "2013.11.04"]
[Round "2"]
[White "Granados Ortiz, Fidel"]
[Black "Ortiz Perez, Carlos"]
[Result "0-1"]
[WhiteElo "1751"]
[BlackElo "1758"]
[PlyCount "122"]
[EventDate "2013.11.04"]
[EventType "team"]
[EventRounds "7"]
[EventCountry "COL"]
[SourceTitle "EXT 2016"]
[Source "ChessBase"]
[SourceDate "2015.10.08"]
[SourceVersion "1"]
[SourceVersionDate "2015.10.08"]
[SourceQuality "1"]
[WhiteTeam "Nicaragua"]
[BlackTeam "Guatemala"]
[WhiteTeamCountry "NCA"]
[BlackTeamCountry "GUA"]

1. e4 c5 2. Nf3 d6 3. d4 cxd4 4. Nxd4 Nf6 5. Nc3 a6 6. Bg5 e6 7. f4 Be7 8. Qf3 0-0 9. Bd3 Nbd7 10. g4 Qc7 11. 0-0-0 b5 12. Nce2 Bb7 13. Bxf6 Bxf6 14. g5 Bxd4 15. Nxd4 Nc5 16. h4 Rac8 17. Rd2 b4 18. h5 Qa5 19. Kb1 b3 20. Nxb3 Nxb3 21. axb3 Qxd2 22. Rd1 Qb4 23. g6 fxg6 24. hxg6 h6 25. Qh3 Rce8 26. f5 Bxe4 27. fxe6 Bxd3 28. Qxd3 Rxe6 29. Qxa6 Kh8 30. Qd3 Ra8 31. Qd5 Qa5 32. Qxa5 Rxa5 33. c4 Rxg6 34. b4 Ra4 35. c5 dxc5 36. bxc5 Rc6 37. Rd8+ Kh7 38. Rd2 Rxc5 39. b3 Rb4 40. Kb2 Rcb5 41. Rd3 h5 42. Kc2 g6 43. Rg3 Kh6 44. Rf3 h4 45. Re3 Kh5 46. Rd3 g5 47. Kc3 Rxb3+ 48. Kc2 Rxd3 49. Kxd3 Rf5 50. Ke4 Rf1 51. Ke3 g4 52. Ke2 Rf8 53. Ke3 g3 54. Ke4 g2 55. Ke5 g1Q 56. Ke4 Qg4+ 57. Ke3 Qf4+ 58. Ke2 Re8+ 59. Kd3 Qd6+ 60. Kc4 Rc8+ 61. Kb5 Qb8+ 0-1